000 00683nam a2200289Ia 4500
005 20260324120156.0
008 008 260324s9999 xx 000 0 eng d
020 _a9781315423531
037 _aEBOOK
040 _aCRL
040 _beng
040 _cCRL
041 _2eng
041 _aeng
084 _qCRL
100 _aMohan J Dutta
_91157532
245 0 _aNeoliberal Health Organizing
245 0 _bCommunication, Meaning, and Politics
260 _bTaylor and Francis
260 _c2015
365 _a
365 _b230
856 _uhttp://www.taylorfrancis.com/books/9781315423531
942 _cEBOOK
999 _c1748907
_d1748907